000 00819nam a2200265Ia 4500
003 OSt
005 20220918170413.0
006 a|||||r|||| 00| 0
007 ta
008 220917b |||||||| |||| 00| 0 eng d
020 _a9780199685561 (hbk)
_c2703.55
024 _a289,553
037 _bBBS/142, 22/03/2016, Better Book Services
_cTextual
040 _aARTS
_cARTS
_beng
041 _2eng
_aeng
082 _aV53yL9, Q5
100 _aColson Bruno Ed.
_928862
245 0 _aNapoleon on war
260 _aOxford
_bOxford University Press UK
_c2015
300 _aviii, 484p.
_ccm.
650 _aHISTORY
700 _a Elliott Gregory Tr.
_928863
942 _hV53yL9, Q5
_cTEXL
_2CC
999 _c134000
_d134000